000 00643nam a2200193Ia 4500
003 OSt
005 20260421112842.0
020 _a978-93-5152-918-7
040 _cLC
050 _aRT 98 .B 37 2016 V. I
100 _aBasavanthappa, B. T.
245 0 _aCOMMUNITY HEALTH NURSING FOR BSc PB BSc NURSING STUDENTS VOLUME I
250 _a3
260 _aNEW DELHI,
_bJAYPEE BROTHERS MEDICAL PUBLISHERS (P) LTD,
_c2016,
300 _aXXiV, 762 P, ILL
500 _aINCLUDES INDEX
650 _a 1 Community health nursing-Textbooks 2. Public health nursing-Textbooks 3. Nursing-India-Textbooks 4. Health promotion-Textbooks
942 _cBK
_2lcc
999 _c200828
_d200828